00593nam a2200193Ia 4500008004100000020001400041082001200055100001800067245002600085250000700111260003500118300002800153500001900181600003300200650001200233942000700245952013200252999001500384240925s9999 xx 000 0 und d a340545526 a538 CRA aCrangle, John 0aSolid State Megnetism aNA aLondon:bEdward Arnoldc,1991. avii,262p.bNAfOriginal aIncludes Index aHumanities & Natural Science aPhysics cBK 001040708HUMaUITUbUITUd1996-05-20eBritish Council Karachig50.00l0o538 CRApQ0704r2024-09-25 07:12:11w2024-09-25yBK c3203d3203